|
|
|
|
| LEADER |
02514nam a2200541 i 4500 |
| 001 |
nkc20223447540 |
| 003 |
CZ PrNK |
| 005 |
20220929094937.0 |
| 007 |
ta |
| 008 |
220914s2022 xr a c 000 f cze |
| 015 |
|
|
|a cnb003447540
|
| 020 |
|
|
|a 978-80-253-5950-1
|q (vázáno)
|
| 035 |
|
|
|a (OCoLC)1347066110
|
| 040 |
|
|
|a ABG001
|b cze
|e rda
|
| 041 |
1 |
|
|a cze
|h eng
|
| 072 |
|
7 |
|a 821.111(73)-3
|x Americká próza
|2 Konspekt
|9 25
|
| 072 |
|
7 |
|a 821-93
|x Literatura pro děti a mládež (beletrie)
|2 Konspekt
|9 26
|
| 080 |
|
|
|a 821.111(73)-31
|2 MRF
|
| 080 |
|
|
|a 821-93
|2 MRF
|
| 080 |
|
|
|a (0:82-312.9)
|2 MRF
|
| 100 |
1 |
|
|a Colfer, Chris,
|d 1990-
|7 xx0204002
|4 aut
|
| 240 |
1 |
0 |
|a Worlds collide.
|l Česky
|
| 245 |
1 |
0 |
|a Země příběhů.
|p Srážka světů /
|c Chris Colfer ; ilustroval Brandon Dorman ; z anglického originálu The land of stories - Worlds collide přeložila Veronika Volhejnová
|
| 246 |
3 |
0 |
|a Srážka světů
|
| 250 |
|
|
|a 2. vydání
|
| 264 |
|
1 |
|a Praha :
|b Fragment,
|c 2022
|
| 300 |
|
|
|a 278 stran :
|b ilustrace ;
|c 22 cm
|
| 336 |
|
|
|a text
|b txt
|2 rdacontent
|
| 337 |
|
|
|a bez média
|b n
|2 rdamedia
|
| 338 |
|
|
|a svazek
|b nc
|2 rdacarrier
|
| 520 |
2 |
|
|a Závěrečný díl příběhu nejen ze země pohádek. Rovnováha mezi lidským a pohádkovým světem byla narušena.
|b Brána mezi světy je otevřena a všechny postavy ze Země příběhů - hrdinové i padouši - mohou volně vstupovat do naší reality. Conner si myslí, že nic horšího se stát nemohlo. Ale jen do okamžiku, kdy zmizí Alex! Conner a jeho přátelé to bez ní nebudou mít jednoduché. Musí vybojovat tu největší bitvu, na jejímž výsledku závisí vše. Osud a bezpečí těch, které milují, ale i mnohem víc. Nakladatelská anotace. Kráceno.
|
| 521 |
8 |
|
|a Pro čtenáře od 9 let
|
| 655 |
|
7 |
|a americké romány
|7 fd131796
|2 czenas
|
| 655 |
|
7 |
|a fantasy romány
|7 fd184199
|2 czenas
|
| 655 |
|
7 |
|a publikace pro děti
|7 fd133156
|2 czenas
|
| 655 |
|
9 |
|a American fiction
|2 eczenas
|
| 655 |
|
9 |
|a fantasy novels
|2 eczenas
|
| 655 |
|
9 |
|a children's literature
|2 eczenas
|
| 700 |
1 |
|
|a Dorman, Brandon
|7 xx0206338
|4 ill
|
| 700 |
1 |
|
|a Volhejnová, Veronika,
|d 1962-
|7 jn20010309724
|4 trl
|
| 765 |
0 |
|
|t Land of stories
|9 Česky
|
| 787 |
0 |
8 |
|i Z cyklu:
|t Země příběhů
|g 6
|
| 910 |
2 |
|
|a BOA001
|b 2-1494.390
|
| 928 |
9 |
|
|a Albatros Media - Fragment
|
| 990 |
|
|
|a BK
|
| 995 |
|
|
|a 01
|
| 991 |
|
|
|b 202209
|c NOV
|
| 996 |
6 |
|
|b 2610915229
|c 2-1494.390
|l MZK
|r Sklad / do 1 hodiny
|n 0
|p p.v.
|w 001899955
|u 000010
|a 1
|e BOA001
|j MZK50
|s P
|